Get the Picture: Individual Athletes Quiz Stats

 Plays Quiz Updated Feb 24, 2019

Score 0/16 Timer 02:00
20 Plays Today
Question Answer Wrong Answers
Usain Bolt Athletics
94.9%
Boxing
0.6%
Golf
0.5%
Tennis
0.5%
Mike Tyson Boxing
94.4%
Athletics
1%
Golf
0.3%
Tennis
0.5%
Roger Federer Tennis
90.6%
Athletics
1.5%
Boxing
1.6%
Golf
2.5%
Jesse Owens Athletics
89.9%
Boxing
3%
Golf
1.7%
Tennis
1.4%
Manny Pacquiao Boxing
88.8%
Athletics
2.4%
Golf
2.7%
Tennis
1.7%
Jack Nicklaus Golf
87.8%
Athletics
2.4%
Boxing
2.7%
Tennis
2.6%
Steffi Graf Tennis
87.8%
Athletics
3.1%
Boxing
2%
Golf
2.7%
Billie Jean King Tennis
86.2%
Athletics
2.9%
Boxing
4.2%
Golf
2.5%
Gary Player Golf
82.3%
Athletics
4.3%
Boxing
4.7%
Tennis
4.3%
Sonny Liston Boxing
81.6%
Athletics
5.4%
Golf
5.7%
Tennis
2.9%
Carl Lewis Athletics
81.2%
Boxing
10.5%
Golf
2.5%
Tennis
1.4%
Caroline Wozniacki Tennis
74.6%
Athletics
7.3%
Boxing
2.6%
Golf
10.9%
Jack Dempsey Boxing
73%
Athletics
5.4%
Golf
13.6%
Tennis
3.8%
Lydia Ko Golf
61.6%
Athletics
12%
Boxing
7.3%
Tennis
14.3%
Annika Sörenstam Golf
59.1%
Athletics
8.1%
Boxing
2.5%
Tennis
26%
Jessica Ennis-Hill Athletics
58.2%
Boxing
4.3%
Golf
14.9%
Tennis
17.6%

Today's Daily Dose

Missing Word
Celine Dion

Word Ladder
Dr. Seuss Books

Quick Pick
Cities in India

Get the Picture
'A' Actresses

You're not logged in!

Compare scores with friends on all Sporcle quizzes.
OR
Log In

Sporcle TV

Today on Sporcle TV


Watch our educational content, quiz creation guides, and fun videos on Sporcle TV.

Show Comments

Extras

Top Quizzes Today


Score Distribution

Your Account Isn't Verified!

In order to create a playlist on Sporcle, you need to verify the email address you used during registration. Go to your Sporcle Settings to finish the process.

Report this User

Report this user for behavior that violates our Community Guidelines.

Details: